| 000 | 00641cab a2200193 4500 | ||
|---|---|---|---|
| 001 | WB2512-24 | ||
| 008 | 090401t1989 xxu||||| |||| 00| 0 eng d | ||
| 035 | _a(Sirsi) u31265 | ||
| 041 | _aeng | ||
| 245 | _aWind farm tests | ||
| 260 | _c1989 | ||
| 350 | _a0 | ||
| 490 |
_aIndependent _v17/3/89 p6 |
||
| 520 | _aBritain`s first full-scale wind power farm is to begin testing at Capel Cynon at Dyfed. It is one of three sites chosen by the CEGB for wind farms, which will cost about £9m each to construct. | ||
| 650 | _aALTERNATIVE SOURCES | ||
| 690 | _aENVIRONMENTAL AND LAND CONSULTANCY-ENERGY | ||
| 942 | _n0 | ||
| 948 | _c04/03/1997 | ||
| 999 |
_c21002 _d21002 |
||